Foundation Design Manual / (Record no. 1097)

000 -LEADER
fixed length control field 00282 a2200097 4500
082 ## - DEWEY DECIMAL CLASSIFICATION NUMBER
Classification number 624.15 NAY
100 ## - MAIN ENTRY--PERSONAL NAME
Personal name Nayak,Narayan V.
245 ## - TITLE STATEMENT
Title Foundation Design Manual /
Statement of responsibility, etc. Narayan v.Nayak
260 ## - PUBLICATION, DISTRIBUTION, ETC.
Place of publication, distribution, etc. New Delhi :
Date of publication, distribution, etc. Dhanpat Rai Publication,
Name of publisher, distributor, etc. 2006.
300 ## - PHYSICAL DESCRIPTION
Extent variouse pages :
Other physical details ill . ;
Dimensions 25cm
650 ## - SUBJECT ADDED ENTRY--TOPICAL TERM
Topical term or geographic name entry element Foundation
Holdings
Withdrawn status Lost status Damaged status Not for loan Permanent Location Current Location Shelving location Date acquired Total Checkouts Full call number Barcode Date last seen Date last checked out Price effective from Koha item type
        School of Civil and Environmental Engineering (SCEE) School of Civil and Environmental Engineering (SCEE)     2 624.15 NAY NIT-6492 05/29/2024 05/22/2024 01/05/2017 Book
© 2023 Central Library, National University of Sciences and Technology. All Rights Reserved.